000 00922nam a22003377a 4500
001 BR7406588
003 BR-BrBNA
005 20230928084647.0
007 ta
008 230509b bl.||||| |||| 00| 0 por d
040 _aBR-BrBNA
_bpor
_cBiblioteca Nacional de Agricultura
041 _a(Por)
072 _aF00
_b0150
090 _ 0150 BR7406588
110 1 _aFundacao Educacional Padre Landell de Moura, Porto Alegre, RS (Brasil)
_94881
245 1 _aManual de orizicultura [pratica cultural]
_bTelepromocao rural
260 3 _aPorto Alegre, RS (Brasil):
_c1974.
300 _a56 p.
500 _a18 illus.
650 _aARROZ
650 _aVARIEDADE
650 _aSOLO
650 _aADUBACAO
650 _aDOENCA DE PLANTA
650 _aROTACAO DE CULTURA
650 _aPRAGA DE PLANTA
650 _aDEFESA VEGETAL
650 _aDEFENSIVO
909 _a202309
_bLucia
_c55
_dLucia Elande
942 _cBK
999 _c20329
_d20329